| 000 | 01238nac a22003251i 4500 | ||
|---|---|---|---|
| 003 | EG-ScBUE | ||
| 005 | 20230315122315.0 | ||
| 008 | 230315s2006 enka f b 001 0 eng d | ||
| 020 | _a9780521849630 (hbk.) | ||
| 020 | _a0521849632 (hbk.) | ||
| 035 | _a(OCoLC)ocm62132908 | ||
| 040 |
_aEG-ScBUE _beng _erda _cEG-ScBUE _dEG-ScBUE |
||
| 082 | 0 | 4 |
_a792.023 _bLUC _222 |
| 100 | 1 |
_aLuckhurst, Mary, _eauthor. |
|
| 245 | 1 | 0 |
_aDramaturgy : _ba revolution in theatre / _cMary Luckhurst, University of York. |
| 264 | 1 |
_aCambridge ; _aNew York : _bCambridge University Press, _c2006. |
|
| 300 |
_axiii, 297 pages : _billustrations ; _c24 cm. |
||
| 336 |
_2rdacontent _atext _btxt |
||
| 337 |
_2rdamedia _aunmediated _bn |
||
| 338 |
_2rdacarrier _avolume _bnc |
||
| 490 | 0 | _aCambridge studies in modern theatre | |
| 504 | _aIncludes bibliographical references and index. | ||
| 650 | 7 |
_aTheater _xProduction and direction. _2BUEsh |
|
| 650 | 7 |
_aDramaturges. _2BUEsh |
|
| 653 | _bART | ||
| 655 | _vReading book | ||
| 856 | 4 | 2 |
_3Publisher description _uhttp://www.loc.gov/catdir/enhancements/fy0664/2006278336-d.html |
| 856 | 4 | 2 |
_3Table of contents only _uhttp://www.loc.gov/catdir/enhancements/fy0664/2006278336-t.html |
| 942 |
_cBB _2ddc |
||
| 999 |
_c3292 _d3292 |
||